Métodos de las ciencias sociales

Gardado en:
Detalles Bibliográficos
Autor Principal: Duverger, Maurice (autor)
Formato: Libro
Idioma:Lingua castelá
Publicado: Barcelona, España: Ariel, 1972.
Edición:Sexta edición.
Series:Demos. Biblioteca de ciencia política
Subjects:
Tags: Engadir etiqueta
Sen Etiquetas, Sexa o primeiro en etiquetar este rexistro!

MARC

LEADER 00000nam a2200000 a 4500
001 UCY7213
003 CL-VaPUC
005 20231006144334.0
008 950609e19720900SP |||||||||||||||||spa|d
999 |c 234641  |d 234639 
040 |c Pontificia Universidad Católica de Valparaíso 
082 0 4 |a 300.72 DUV 1972  |2 21 
100 0 |a Duverger, Maurice  |e autor  |9 337535 
245 1 0 |a Métodos de las ciencias sociales 
250 |a Sexta edición.  
260 |a Barcelona, España:  |b Ariel,  |c 1972. 
300 |a 593 páginas  
490 0 |a Demos. Biblioteca de ciencia política 
500 |a c.5 Donación Sr. Eduardo Araya L. 12 de abril 2020 Memo HIS/003  
583 |a last modification  |c 19950609 00:00:00  |k Rodrigo Vera 
650 0 |a Ciencias sociales  |v Investigación  |9 307767 
650 0 |a Investigación científica  |9 259857 
650 0 |a Análisis de datos  |9 269871 
650 0 |a Ciencias Políticas  |9 255201 
650 0 |a Métodos estadísticos   |9 259407 
942 |c BK  |2 ddc 
945 |d 19950609 00:00:00  |a mfernand 
952 |0 0  |1 0  |4 0  |6 300_720000000000000_DUV_1972  |7 0  |8 P  |9 241204  |a BIBEDU  |b BIBEDU  |c BIBEDU_PB  |d 2019-11-18  |i 1516353  |o 300.72 DUV 1972  |p 1516353  |r 2024-01-25  |w 2019-11-18  |y BK  |k EDU 
952 |0 0  |1 0  |4 0  |6 300_720000000000000_DUV_1972  |7 0  |8 P  |9 241205  |a BIBEDU  |b BIBEDU  |c BIBEDU_PB  |d 2019-11-18  |i 1516361  |o 300.72 DUV 1972  |p 1516361  |r 2024-01-25  |w 2019-11-18  |y BK  |k EDU 
952 |0 0  |1 0  |4 0  |6 300_720000000000000_DUV_1972  |7 0  |8 P  |9 241206  |a BIBEDU  |b BIBEDU  |c BIBEDU_PB  |d 2019-11-18  |i 151637K  |o 300.72 DUV 1972  |p 151637K  |r 2024-01-25  |w 2019-11-18  |y BK  |k EDU 
952 |0 0  |1 0  |4 0  |6 300_720000000000000_DUV_1972  |7 0  |8 P  |9 241207  |a BIBGIM  |b BIBGIM  |d 2019-11-18  |i 3374475  |o 300.72 DUV 1972  |p 3374475  |r 2025-01-15  |w 2019-11-18  |y BK  |k SSL 
952 |0 0  |1 0  |2 ddc  |4 0  |6 300_720000000000000_DUV_1972  |7 0  |8 A  |9 583770  |a BIBHIS  |b BIBHIS  |c GEN  |d 2022-06-15  |e Donación   |i 5651894  |l 3  |m 2  |o 300.72 DUV 1972  |p 5651894  |r 2025-01-20  |s 2023-06-27  |t 5  |w 2022-06-15  |y BK  |k HIS